| 000 | 00693nam a2200229 a 4500 | ||
|---|---|---|---|
| 005 | 20240925064221.0 | ||
| 008 | 991125s1983 bue 000 0 spa u | ||
| 035 | _aUPN01000041064 | ||
| 049 | _aCG | ||
| 050 | 4 |
_aLB1051 _bS8.5 1983 |
|
| 100 | 1 |
_aStone, Lawrence Joseph, _d1912-1975 _932163 |
|
| 245 | 1 | 0 |
_aNiñez y adolescencia / _cL. Joseph Stone y Joseph Church ; tr. Daniel R. Wagner. |
| 250 | _a9a ed. | ||
| 260 |
_aBuenos Aires : _bHormé, _c1983. |
||
| 300 | _a350 p. : | ||
| 440 | 0 |
_aObras fundamentales ; _v1 |
|
| 650 | 4 |
_aAdolescencia _91008 |
|
| 650 | 4 |
_aNiño, Estudio del _9221 |
|
| 650 | 4 |
_aPsicología educativa _95197 |
|
| 700 | 1 |
_aChurch, Joseph, _ecoaut. |
|
| 905 | _aLibro | ||
| 999 |
_c41064 _d41064 |
||